MLB Top 5 NL MVP Voting 1970s - Statistics

General Stats
  • This quiz has been taken 89 times
    30 since last reset
  • The average score is 37 of 50
Answer Stats
Year Team Player % Correct
1970: 1 Reds Johnny Bench
96%
1972: 1 Reds Johnny Bench
96%
1974: 4 Reds Johnny Bench
96%
1975: 4 Reds Johnny Bench
96%
1976: 3 Phillies Mike Schmidt
92%
1973: 1 Reds Pete Rose
92%
1975: 5 Reds Pete Rose
92%
1976: 4 Reds Pete Rose
92%
1971: 2 Pirates Willie Stargell
92%
1972: 3 Pirates Willie Stargell
92%
1973: 2 Pirates Willie Stargell
92%
1979: 1 Pirates Willie Stargell
92%
1972: 4 Reds Joe Morgan
88%
1973: 4 Reds Joe Morgan
88%
1975: 1 Reds Joe Morgan
88%
1976: 1 Reds Joe Morgan
88%
1975: 3 Pirates Dave Parker
85%
1977: 3 Pirates Dave Parker
85%
1978: 1 Pirates Dave Parker
85%
1972: 5 Phillies Steve Carlton
85%
1977: 5 Phillies Steve Carlton
85%
1970: 5 Dodgers Wes Parker
85%
1970: 2 Cubs Billy Williams
81%
1972: 2 Cubs Billy Williams
81%
1976: 2 Reds George Foster
81%
1977: 1 Reds George Foster
81%
1971: 3 Braves Hank Aaron
81%
1971: 5 Pirates Roberto Clemente
81%
1974: 1 Dodgers Steve Garvey
81%
1978: 2 Dodgers Steve Garvey
81%
1970: 3 Reds Tony Pérez
81%
1970: 4 Cardinals Bob Gibson
77%
1971: 1 Cardinals Joe Torre
69%
1979: 1 Cardinals Keith Hernandez
69%
1974: 2 Cardinals Lou Brock
69%
1977: 4 Dodgers Reggie Smith
69%
1978: 4 Dodgers Reggie Smith
69%
1973: 5 Expos Mike Marshall
58%
1974: 3 Dodgers Mike Marshall
58%
1971: 4 Giants Bobby Bonds
54%
1973: 3 Giants Bobby Bonds
54%
1975: 2 Phillies Greg Luzinski
54%
1977: 2 Phillies Greg Luzinski
54%
1978: 3 Phillies Larry Bowa
54%
1979: 3 Padres Dave Winfield
50%
1976: 5 Phillies Garry Maddox
38%
1978: 5 Giants Jack Clark
31%
1979: 4 Expos Larry Parrish
19%
1974: 5 Dodgers Jim Wynn
15%
1979: 5 Reds Ray Knight
12%
No matching quizzes found
Score Distribution
Percent of People with Each Score
Percentile by Number Answered
Your Score History
You have not taken this quiz since the last reset